Wszystkie gminy w powiecie tczewskim - Statystyki

Ogólne statystyki
  • Ten quiz został rozwiązany 17 razy
  • Średni wynik to 8 z 10
Statystyki odpowiedzi
Gmina Odpowiedź % Poprawnych
Gmina Miejska Tczew
100%
Gmina Wiejska Tczew
100%
Gmina Miejsko-Wiejska Pelplin
87%
Miasto Pelplin
87%
Obszar Wiejski Pelplin
87%
Gmina Miejsko-Wiejska Gniew
80%
Miasto Gniew
80%
Obszar Wiejski Gniew
80%
Gmina Wiejska Morzeszczyn
53%
Gmina Wiejska Subkowo
0%
Nie znaleziono quizów pasujących do podanych kryteriów
Rozkład punktacji
Procent ludzi z każdym wynikiem
Percentyl według liczby udzielonych odpowiedzi
Twoja historia wyników
Nie rozwiązałeś tego quizu